[Event "SVK-chT3A2 2122"]
[Site "Slovakia"]
[Date "2022.01.30"]
[Round "8.5"]
[White "Felcir, Jaroslav"]
[Black "Kovacic, Lukas"]
[Result "1-0"]
[WhiteElo "2132"]
[BlackElo "1194"]
[PlyCount "49"]
[EventDate "2021.10.10"]
[EventType "team-tourn"]
[EventRounds "11"]
[EventCountry "SVK"]
[SourceTitle "EXT 2023"]
[Source "ChessBase"]
[SourceDate "2022.10.05"]
[SourceVersion "1"]
[SourceVersionDate "2022.10.05"]
[SourceQuality "1"]
[WhiteTeam "Trnava Lokomotiva"]
[BlackTeam "Cifer II"]
[WhiteTeamCountry "SVK"]
[BlackTeamCountry "SVK"]

1. e4 e5 2. Nf3 Nc6 3. Bc4 Nf6 4. d4 Bd6 5. 0-0 0-0 6. dxe5 Nxe5 7. Nxe5 Bxe5 8. f4 Bd6 9. Qf3 Bc5+ 10. Kh1 d6 11. h3 h5 12. Nc3 c6 13. e5 Ng4 14. hxg4 Bxg4 15. Qg3 d5 16. Be2 Qd7 17. Bxg4 hxg4 18. f5 Bd4 19. Ne2 Bc5 20. Qxg4 f6 21. e6 Qd6 22. Bf4 Qe7 23. Rf3 Kh7 24. Rh3+ Kg8 25. Qh5 1-0

[Event "SVK-chT1W 1011"]
[Site "Slovakia"]
[Date "2010.12.11"]
[Round "3.6"]
[White "Lukacovic, Miroslav"]
[Black "Felcir, Jaroslav"]
[Result "0-1"]
[WhiteElo "2006"]
[BlackElo "2198"]
[PlyCount "96"]
[EventDate "2010.11.06"]
[EventType "team-tourn"]
[EventRounds "11"]
[EventCountry "SVK"]
[SourceTitle "EXT 2012"]
[Source "ChessBase"]
[SourceDate "2011.11.24"]
[SourceVersion "1"]
[SourceVersionDate "2011.11.24"]
[SourceQuality "1"]
[WhiteTeam "Galanta"]
[BlackTeam "Trnava Lokomotiva"]
[WhiteTeamCountry "SVK"]
[BlackTeamCountry "SVK"]

1. d4 d5 2. Nf3 Nf6 3. Bg5 Ne4 4. Bf4 c5 5. e3 Qb6 6. dxc5 Qxb2 7. Be5 Qb4+ 8. Nfd2 Nxc5 9. Nc3 e6 10. Nb5 Nca6 11. c3 Qc5 12. Nb3 Qb6 13. Bd4 Qd8 14. Nxa7 Bd7 15. Nb5 Nc6 16. Be2 e5 17. Bxe5 Nxe5 18. Qxd5 Nc6 19. Rd1 Qe7 20. Qf3 Qf6 21. Qg3 Be7 22. 0-0 Be6 23. Nd6+ Bxd6 24. Qxd6 Qe5 25. Bxa6 Qxd6 26. Rxd6 Rxa6 27. Nc5 Ke7 28. Rfd1 Rxa2 29. Nxb7 Rc8 30. Nc5 Ne5 31. Nxe6 fxe6 32. f4 Ng4 33. R6d3 Re2 34. Kf1 Rxe3 35. Rd7+ Kf6 36. h3 Nh6 37. g4 Nf7 38. g5+ Kg6 39. Re7 Rf3+ 40. Ke2 Rxf4 41. Rxe6+ Kxg5 42. Rg1+ Kf5 43. Re7 Kf6 44. Ra7 g5 45. Kd2 h5 46. Rg3 Rc6 47. Ra5 Nd6 48. Rgxg5 Nc4+ 0-1

[Event "SVK-chT1W 0910"]
[Site "Slovakia"]
[Date "2010.01.16"]
[Round "6.2"]
[White "Machalova, Maria"]
[Black "Felcir, Jaroslav"]
[Result "1/2-1/2"]
[WhiteElo "2216"]
[BlackElo "2204"]
[PlyCount "58"]
[EventDate "2009.10.17"]
[EventType "team"]
[EventRounds "11"]
[EventCountry "SVK"]
[SourceTitle "EXT 2011"]
[Source "ChessBase"]
[SourceDate "2010.11.26"]
[SourceVersion "1"]
[SourceVersionDate "2010.11.26"]
[SourceQuality "1"]
[WhiteTeam "Budmerice"]
[BlackTeam "Trnava Lokomotiva"]
[WhiteTeamCountry "SVK"]
[BlackTeamCountry "SVK"]

1. c4 c6 2. Nc3 d5 3. cxd5 cxd5 4. d4 Nc6 5. Nf3 Nf6 6. Bf4 Qb6 7. Na4 Qa5+ 8. Bd2 Qd8 9. Rc1 Ne4 10. e3 e6 11. Be2 Be7 12. 0-0 0-0 13. Nc5 Nxd2 14. Qxd2 Qa5 15. Qxa5 Nxa5 16. b4 Nc6 17. a3 Bd6 18. Rc2 Ne7 19. Rfc1 b6 20. Na6 Bd7 21. Nc7 Rad8 22. Nb5 Bxb5 23. Bxb5 Rc8 24. Ba6 Rxc2 25. Rxc2 f6 26. Nd2 Kf7 27. h3 Rd8 28. Kf1 Rd7 29. Ke2 Rc7 1/2-1/2

[Event "SVK-chT1E 0708"]
[Site "Slovakia"]
[Date "2007.10.13"]
[Round "1.3"]
[White "Marko, Anton"]
[Black "Felcir, Jaroslav"]
[Result "0-1"]
[WhiteElo "2119"]
[BlackElo "2206"]
[PlyCount "82"]
[EventDate "2007.10.13"]
[EventType "team-swiss"]
[EventRounds "11"]
[EventCountry "SVK"]
[SourceTitle "EXT 2019"]
[Source "ChessBase"]
[SourceDate "2018.10.10"]
[SourceVersion "1"]
[SourceVersionDate "2018.10.10"]
[SourceQuality "1"]
[WhiteTeam "Prievidza SK"]
[BlackTeam "Trnava Lokomotiva"]
[WhiteTeamCountry "SVK"]
[BlackTeamCountry "SVK"]

1. c4 c6 2. Nf3 Nf6 3. d4 d5 4. e3 Bf5 5. Nc3 e6 6. cxd5 exd5 7. Be2 Bd6 8. Nh4 Be6 9. Qc2 g6 10. h3 Nbd7 11. Nf3 Bf5 12. Qb3 Qb6 13. Qxb6 axb6 14. g4 Bc2 15. 0-0 Ne4 16. Nd2 Nxc3 17. bxc3 b5 18. Bb2 g5 19. Kg2 Ke7 20. f4 gxf4 21. exf4 f5 22. Rfc1 Be4+ 23. Nxe4 fxe4 24. Rf1 Nb6 25. Bc1 Ba3 26. f5 Bxc1 27. Rfxc1 Ra3 28. Bd1 Nc4 29. Kf2 Kf6 30. Kg3 h5 31. Kf4 hxg4 32. hxg4 Rh4 33. Be2 Nd6 34. Rh1 Nxf5 35. Rxh4 Nxh4 36. Rh1 Ng6+ 37. Ke3 Rxc3+ 38. Kd2 Ra3 39. Rh7 Rxa2+ 40. Ke3 Ra3+ 41. Kd2 Nf4 0-1

[Event "SVK-chT2A 0506"]
[Site "Slovakia"]
[Date "2006.03.11"]
[Round "10.4"]
[White "Lauf, Pavol"]
[Black "Felcir, Jaroslav"]
[Result "1-0"]
[WhiteElo "2116"]
[BlackElo "2197"]
[PlyCount "39"]
[EventDate "2005.10.22"]
[EventType "team-tourn"]
[EventRounds "11"]
[EventCountry "SVK"]
[SourceTitle "EXT 2009"]
[Source "ChessBase"]
[SourceDate "2008.11.26"]
[SourceVersion "1"]
[SourceVersionDate "2008.11.26"]
[SourceQuality "1"]

1. c4 c6 2. Nc3 d5 3. e3 Nf6 4. Nf3 e6 5. Be2 a5 6. 0-0 Bd6 7. d4 Ne4 8. Nxe4 dxe4 9. Nd2 f5 10. f3 Qh4 11. f4 Nd7 12. b3 Qe7 13. Bb2 g5 14. c5 Bb8 15. d5 Rg8 16. d6 Qf8 17. Bh5+ Kd8 18. fxg5 Rxg5 19. Nxe4 Rg8 20. Qc1 1-0

[Event "SVK-chT2A 0506"]
[Site "Slovakia"]
[Date "2006.02.11"]
[Round "8.4"]
[White "Sukuba, Zdeno"]
[Black "Felcir, Jaroslav"]
[Result "1/2-1/2"]
[WhiteElo "2108"]
[BlackElo "2197"]
[PlyCount "27"]
[EventDate "2005.10.22"]
[EventType "team-tourn"]
[EventRounds "11"]
[EventCountry "SVK"]
[SourceTitle "EXT 2009"]
[Source "ChessBase"]
[SourceDate "2008.11.26"]
[SourceVersion "1"]
[SourceVersionDate "2008.11.26"]
[SourceQuality "1"]

1. Nf3 d5 2. c4 c6 3. g3 Nf6 4. Bg2 Nbd7 5. d4 e6 6. 0-0 Bd6 7. Nc3 0-0 8. b3 b6 9. Bb2 Ba6 10. Nd2 b5 11. c5 Bc7 12. b4 e5 13. dxe5 Nxe5 14. Qc2 1/2-1/2

[Event "SVK-chT2A 0506"]
[Site "Slovakia"]
[Date "2005.10.22"]
[Round "1.4"]
[White "Felcir, Jaroslav"]
[Black "Lahucky, Pavol"]
[Result "1-0"]
[WhiteElo "2197"]
[BlackElo "2107"]
[PlyCount "75"]
[EventDate "2005.10.22"]
[EventType "team-tourn"]
[EventRounds "11"]
[EventCountry "SVK"]
[SourceTitle "EXT 2009"]
[Source "ChessBase"]
[SourceDate "2008.11.26"]
[SourceVersion "1"]
[SourceVersionDate "2008.11.26"]
[SourceQuality "1"]

1. e4 e5 2. Nf3 Nc6 3. Bc4 Nf6 4. d4 exd4 5. e5 d5 6. Bb5 Bb4+ 7. c3 dxc3 8. bxc3 0-0 9. cxb4 Qe7 10. Bxc6 bxc6 11. 0-0 Ne4 12. b5 Qe6 13. bxc6 Qxc6 14. Nd4 Qb6 15. Nb3 Rd8 16. Be3 c5 17. Qc2 Ba6 18. Rc1 Rac8 19. f3 d4 20. Qxe4 dxe3 21. Qxe3 Rd3 22. Qf2 Qb4 23. Qe1 Qb6 24. Qf2 Qb4 25. Re1 c4 26. Nc1 Rd7 27. a3 Qa5 28. Na2 Rcd8 29. Nb4 Bb7 30. Nc3 Rd2 31. Qe3 h6 32. e6 fxe6 33. Qxe6+ Kh8 34. Qxc4 Qb6+ 35. Kh1 Qf2 36. Qg4 R8d4 37. Re8+ Kh7 38. Qf5+ 1-0

[Event "SVK-chT1W 0203"]
[Site "Slovakia"]
[Date "2002.11.30"]
[Round "5.2"]
[White "Lahucky, Pavol"]
[Black "Felcir, Jaroslav"]
[Result "0-1"]
[WhiteElo "2165"]
[BlackElo "2223"]
[PlyCount "104"]
[EventDate "2002.10.12"]
[EventType "team-tourn"]
[EventRounds "11"]
[EventCountry "SVK"]
[SourceTitle "EXT 2005"]
[Source "ChessBase"]
[SourceDate "2004.11.15"]
[SourceVersion "1"]
[SourceVersionDate "2004.11.15"]
[SourceQuality "1"]
[WhiteTeam "Hlohovec"]
[BlackTeam "Trnava"]
[WhiteTeamCountry "SVK"]
[BlackTeamCountry "SVK"]

1. c4 e5 2. Nc3 Nc6 3. e4 Bc5 4. d3 d6 5. Nf3 a6 6. h3 Nge7 7. Be2 0-0 8. 0-0 f5 9. exf5 Nxf5 10. Ne4 Ba7 11. Bg5 Qe8 12. Nh2 Ncd4 13. Bh5 Qe6 14. Rb1 c6 15. Nc3 Ng3 16. Be3 Nxf1 17. Nxf1 Bd7 18. Ne4 d5 19. Ned2 Kh8 20. b3 Qf6 21. Ng3 Qh4 22. Ndf1 g6 23. Be2 Rf7 24. Rb2 Raf8 25. Qc1 Nxe2+ 26. Rxe2 Bxe3 27. Qxe3 Qf4 28. Qc5 dxc4 29. dxc4 Qd4 30. Qa5 Rxf2 31. Rxf2 Qxf2+ 32. Kh2 Qf4 33. Qc7 Bc8 34. Qe7 h5 35. h4 Qf6 36. Qxf6+ Rxf6 37. Kg1 Rf4 38. Nd2 Rxh4 39. Nf3 Rg4 40. Kf2 e4 41. Ne5 Rf4+ 42. Ke3 Rf6 43. Nxe4 Re6 44. Kd4 Kg7 45. c5 Re7 46. g3 Be6 47. Nd6 g5 48. Nf3 Kh6 49. b4 h4 50. gxh4 g4 51. Ng5 g3 52. Nf3 Bg4 0-1

[Event "SVK-chT1W 0203"]
[Site "Slovakia"]
[Date "2002.10.13"]
[Round "2.3"]
[White "Abel, Peter"]
[Black "Felcir, Jaroslav"]
[Result "1/2-1/2"]
[WhiteElo "2218"]
[BlackElo "2216"]
[PlyCount "122"]
[EventDate "2002.10.12"]
[EventType "team-tourn"]
[EventRounds "11"]
[EventCountry "SVK"]
[SourceTitle "EXT 2005"]
[Source "ChessBase"]
[SourceDate "2004.11.15"]
[SourceVersion "1"]
[SourceVersionDate "2004.11.15"]
[SourceQuality "1"]
[WhiteTeam "Bratislava PI"]
[BlackTeam "Trnava"]
[WhiteTeamCountry "SVK"]
[BlackTeamCountry "SVK"]

1. c4 e5 2. Nc3 Nf6 3. Nf3 Nc6 4. e3 d6 5. d4 g6 6. dxe5 Nxe5 7. Nxe5 dxe5 8. Qxd8+ Kxd8 9. b3 c6 10. Bb2 Bg7 11. Be2 Kc7 12. Na4 Ne8 13. 0-0 e4 14. Bxg7 Nxg7 15. Nc3 f5 16. Rfd1 Ne6 17. Rac1 Rd8 18. Nd5+ Kb8 19. Nf6 Rh8 20. Nd7+ Kc7 21. Ne5 Rd8 22. h4 Nf8 23. Rxd8 Kxd8 24. g4 Ke7 25. gxf5 Bxf5 26. Rd1 Rd8 27. Rxd8 Kxd8 28. Kf1 Ke7 29. c5 Be6 30. Nc4 Bxc4 31. Bxc4 Nd7 32. b4 Ne5 33. Bb3 a5 34. bxa5 Nd3 35. Bc2 Nxc5 36. Kg2 Kf6 37. Kg3 Ke5 38. Kg4 h6 39. f3 exf3 40. Kxf3 Kf6 41. Kf4 g5+ 42. hxg5+ hxg5+ 43. Kg4 Nd7 44. Bb3 Ne5+ 45. Kh5 Nd3 46. Bc4 Nb4 47. Bb3 Nd5 48. Bc4 Nb4 49. Bb3 Kf5 50. a3 Nd3 51. Bc4 Nc5 52. Bf7 Ke4 53. Kxg5 Kxe3 54. Kf6 Kd4 55. Ke7 Ne4 56. Kd7 Kc5 57. Kc7 Kb5 58. Be8 Nc5 59. a6 Kxa6 60. Bxc6 bxc6 61. Kxc6 Ka5 1/2-1/2

[Event "SVK-chT2W 0102"]
[Site "Slovakia"]
[Date "2001.10.21"]
[Round "2.3"]
[White "Janos, Jozef"]
[Black "Felcir, Jaroslav"]
[Result "1/2-1/2"]
[WhiteElo "2189"]
[BlackElo "2206"]
[PlyCount "124"]
[EventDate "2001.10.??"]
[EventType "team"]
[EventRounds "11"]
[EventCountry "SVK"]
[SourceTitle "EXT 2006"]
[Source "ChessBase"]
[SourceDate "2005.11.24"]
[SourceVersion "1"]
[SourceVersionDate "2005.11.24"]
[SourceQuality "1"]

1. Nf3 Nf6 2. c4 g6 3. b3 Bg7 4. Bb2 0-0 5. Qc2 c6 6. e3 d5 7. Be2 Bf5 8. d3 Na6 9. 0-0 b5 10. a3 Qb6 11. Nbd2 Rfd8 12. Rac1 Rac8 13. Bd4 Qb7 14. h3 Nc7 15. Rb1 h5 16. Rfc1 Ne6 17. Be5 Nc5 18. Nd4 Bd7 19. b4 Ne6 20. N2b3 Nxd4 21. exd4 Bf5 22. Nc5 Qa8 23. cxb5 cxb5 24. Qd1 Rc6 25. a4 bxa4 26. b5 Rcc8 27. Qxa4 Ne8 28. Ra1 Bxe5 29. dxe5 Bd7 30. d4 Rc7 31. Qa5 Qc8 32. Rcb1 Ng7 33. Qa6 Nf5 34. Nb3 Qb8 35. Bd3 Rc3 36. Bxf5 Bxf5 37. Rb2 Rd7 38. Nc5 Rc7 39. b6 axb6 40. Rxb6 Qd8 41. Qb5 Rc4 42. Rb8 Rc8 43. Raa8 Rxd4 44. Rxc8 Bxc8 45. Qc6 Kg7 46. Qxc8 Qxc8 47. Rxc8 Rd1+ 48. Kh2 g5 49. Rc7 Kf8 50. e6 Re1 51. exf7 Kxf7 52. Rd7 Rd1 53. f3 h4 54. Ra7 Kf6 55. Ra6+ Kf5 56. Ra3 e6 57. Re3 e5 58. Rd3 Rxd3 59. Nxd3 e4 60. fxe4+ dxe4 61. Nc1 Kf4 62. Kg1 g4 1/2-1/2

[Event "SVK-chT2W 0102"]
[Site "Slovakia"]
[Date "2001.10.20"]
[Round "1.2"]
[White "Hukel, Juraj"]
[Black "Felcir, Jaroslav"]
[Result "0-1"]
[WhiteElo "2100"]
[BlackElo "2206"]
[PlyCount "102"]
[EventDate "2001.10.??"]
[EventType "team"]
[EventRounds "11"]
[EventCountry "SVK"]
[SourceTitle "EXT 2006"]
[Source "ChessBase"]
[SourceDate "2005.11.24"]
[SourceVersion "1"]
[SourceVersionDate "2005.11.24"]
[SourceQuality "1"]

1. c4 Nf6 2. Nc3 g6 3. g3 Bg7 4. Bg2 d6 5. d4 0-0 6. e4 e5 7. Nge2 Nc6 8. 0-0 Bg4 9. f3 exd4 10. Nxd4 Nxd4 11. Qxd4 Be6 12. Qd3 Nd7 13. b3 f5 14. Bb2 Nc5 15. Qe2 Re8 16. Qc2 fxe4 17. fxe4 c6 18. Rae1 a5 19. Ne2 Bxb2 20. Qxb2 Nd3 21. Qd2 Nxe1 22. Rxe1 a4 23. Nf4 axb3 24. axb3 Qb6+ 25. Kh1 Qxb3 26. Qxd6 Rad8 27. Qc7 Rd7 28. Qe5 Bf7 29. Qf6 Qxc4 30. h4 Qd4 31. Qg5 Qc3 32. Rf1 Qe5 33. Qg4 Rd2 34. h5 Be6 35. Qf3 g5 36. Nxe6 Qxe6 37. Qe3 Rd5 38. Qb3 Rb5 39. Qf3 g4 40. Qc3 Rxh5+ 41. Kg1 Rb5 42. Rf6 Qb3 43. Qd4 Qxg3 44. Qc4+ Kh8 45. Qf7 Rb1+ 46. Rf1 Rxf1+ 47. Qxf1 Qe5 48. Qf7 Ra8 49. Qf2 g3 50. Qb6 Ra1+ 51. Bf1 Qf6 0-1

[Event "Tatry op"]
[Site "Tatranske Zruby"]
[Date "2001.10.03"]
[Round "6"]
[White "Felcir, Jaroslav"]
[Black "Brousek, Jiri"]
[Result "1/2-1/2"]
[WhiteElo "2206"]
[BlackElo "2109"]
[PlyCount "85"]
[EventDate "2001.09.29"]
[EventType "swiss"]
[EventRounds "9"]
[EventCountry "SVK"]
[SourceTitle "CBM 084 Extra"]
[Source "ChessBase"]
[SourceDate "2001.10.26"]
[SourceVersion "1"]
[SourceVersionDate "2001.10.26"]
[SourceQuality "1"]

1. e4 e6 2. d4 d5 3. Nd2 dxe4 4. Nxe4 Bd7 5. Nf3 Bc6 6. Bd3 Nd7 7. Qe2 Ngf6 8. 0-0 Bxe4 9. Bxe4 Nxe4 10. Qxe4 c6 11. Bg5 Be7 12. Bxe7 Qxe7 13. Qg4 0-0 14. c3 Nf6 15. Qg3 Rfd8 16. Rfe1 Rd5 17. h3 h6 18. a3 Rad8 19. b4 Qd6 20. Ne5 Nd7 21. f4 Nxe5 22. fxe5 Qe7 23. Re4 f5 24. exf6 Qxf6 25. Rae1 Re8 26. Qe3 Rd6 27. Re5 b6 28. Rf1 Qg6 29. Rf4 Rd5 30. Rg4 Qf6 31. Rge4 Rxe5 32. Rxe5 Kf7 33. a4 Rd8 34. a5 Rd5 35. axb6 axb6 36. Qe4 Rxe5 37. dxe5 Qg5 38. Qxc6 Qe3+ 39. Kf1 Qxe5 40. Qxb6 Qxc3 41. Qb7+ Ke8 42. Qb8+ Kd7 43. Qb7+ 1/2-1/2

[Event "Tatry op"]
[Site "Tatranske Zruby"]
[Date "2000.10.12"]
[Round "6"]
[White "Karlik, Vladimir"]
[Black "Felcir, Jaroslav"]
[Result "1-0"]
[WhiteElo "2285"]
[BlackElo "2194"]
[PlyCount "51"]
[EventDate "2000.10.07"]
[EventType "swiss"]
[EventRounds "9"]
[EventCountry "SVK"]
[SourceTitle "EXT 2001"]
[Source "ChessBase"]
[SourceDate "2000.11.22"]
[SourceVersion "1"]
[SourceVersionDate "2000.11.22"]
[SourceQuality "1"]

1. d4 Nf6 2. Nf3 g6 3. Bg5 Bg7 4. c3 0-0 5. Nbd2 d5 6. e3 b6 7. Be2 c5 8. b4 Ne4 9. Nxe4 dxe4 10. Nd2 Bb7 11. bxc5 bxc5 12. Qb3 Bc6 13. Qa3 Nd7 14. 0-0 h6 15. Bh4 g5 16. Bg3 cxd4 17. cxd4 e5 18. Qd6 Qf6 19. Qxf6 Bxf6 20. Rac1 Rac8 21. Ba6 Rc7 22. d5 Nb8 23. Be2 Rd8 24. Nxe4 Bg7 25. dxc6 f5 26. Nc5 1-0

[Event "SVK-chT3A 0001"]
[Site "Slovakia"]
[Date "2000.??.??"]
[Round "4"]
[White "Felcir, Jaroslav"]
[Black "Flasik, Radoslav"]
[Result "1/2-1/2"]
[WhiteElo "2175"]
[BlackElo "2234"]
[PlyCount "162"]
[EventDate "2000.??.??"]
[EventType "team"]
[EventRounds "9"]
[EventCountry "SVK"]
[SourceTitle "EXT 2002"]
[Source "ChessBase"]
[SourceDate "2001.11.25"]
[SourceVersion "1"]
[SourceVersionDate "2001.11.25"]
[SourceQuality "1"]

1. e4 c5 2. Nf3 Nc6 3. Nc3 g6 4. d4 cxd4 5. Nxd4 Bg7 6. Be3 d6 7. Qd2 Nf6 8. f3 0-0 9. 0-0-0 Nxd4 10. Bxd4 Be6 11. g4 Qa5 12. a3 Rfc8 13. h4 Rab8 14. h5 b5 15. hxg6 b4 16. gxh7+ Kh8 17. Nb1 Bb3 18. Bd3 e5 19. Be3 Nd7 20. axb4 Qa1 21. Bh6 Bf6 22. g5 Ba2 23. c3 Be7 24. g6 fxg6 25. Rdg1 Bf7 26. Kd1 Bf6 27. Bg5 Bg7 28. Be7 a5 29. b5 Nc5 30. Bxd6 Nxd3 31. Bxb8 Qxb1+ 32. Ke2 Nf4+ 33. Kf2 Qd3 34. Qxd3 Nxd3+ 35. Ke3 Nxb2 36. Ba7 Rxc3+ 37. Kf2 Nd3+ 38. Kg3 Bc4 39. b6 Ba6 40. Rb1 Bb7 41. Ra1 Nf4 42. Rad1 Nd3 43. Rd2 a4 44. Rhd1 Nc5 45. Kf2 Bf6 46. Bb8 Kxh7 47. Bd6 Bg5 48. Bxc5 Bxd2 49. Rxd2 Rxc5 50. Rd7+ Kh6 51. Rxb7 Rb5 52. Kg3 a3 53. Kg4 a2 54. Ra7 Rxb6 55. Rxa2 Rb5 56. Rd2 Rb6 57. Rd5 Re6 58. Ra5 Re7 59. Ra1 Re6 60. Rh1+ Kg7 61. Kg5 Re7 62. Ra1 Rf7 63. Ra3 Re7 64. Ra6 Rf7 65. Rxg6+ Kh7 66. Rf6 Rg7+ 67. Kf5 Re7 68. Re6 Rf7+ 69. Kxe5 Rxf3 70. Rf6 Ra3 71. Rf1 Kg7 72. Ke6 Ra6+ 73. Kf5 Kf7 74. Rb1 Rc6 75. Rb7+ Ke8 76. e5 Ra6 77. Rh7 Kf8 78. Rh8+ Ke7 79. Rb8 Rc6 80. Rb7+ Ke8 81. Ra7 Rb6 1/2-1/2

[Event "Tatry op"]
[Site "Tatranska Lomnica"]
[Date "1999.10.07"]
[Round "6"]
[White "Ramik, Zdenek"]
[Black "Felcir, Jaroslav"]
[Result "1-0"]
[WhiteElo "2304"]
[BlackElo "2176"]
[PlyCount "41"]
[EventDate "1999.10.02"]
[EventType "swiss"]
[EventRounds "9"]
[EventCountry "SVK"]
[SourceTitle "EXT 2000"]
[Source "ChessBase"]
[SourceDate "1999.11.16"]
[SourceVersion "1"]
[SourceVersionDate "1999.11.16"]
[SourceQuality "1"]

1. e4 e5 2. f4 exf4 3. Nf3 g5 4. d4 Bg7 5. Nc3 d6 6. g3 g4 7. Nh4 f3 8. Be3 Nc6 9. Qd2 h5 10. 0-0-0 Nge7 11. Kb1 a6 12. Bc4 Bd7 13. Rhe1 b5 14. Bf1 Na5 15. Nd5 c6 16. Nxe7 Kxe7 17. e5 Kf8 18. Bg5 Qb6 19. exd6 Nc4 20. Qf4 Kg8 21. Re7 1-0

[Event "SVK-chT2W 9900"]
[Site "Slovakia"]
[Date "1999.??.??"]
[Round "6.2"]
[White "Felcir, Jaroslav"]
[Black "Hecko, Dusan"]
[Result "1-0"]
[WhiteElo "2176"]
[BlackElo "2102"]
[PlyCount "127"]
[EventDate "1999.11.06"]
[EventType "team"]
[EventRounds "9"]
[EventCountry "SVK"]
[SourceTitle "EXT 2005"]
[Source "ChessBase"]
[SourceDate "2004.11.15"]
[SourceVersion "1"]
[SourceVersionDate "2004.11.15"]
[SourceQuality "1"]

1. e4 Nf6 2. Nc3 e5 3. Nf3 Nc6 4. Bb5 Nd4 5. Ba4 Nxf3+ 6. Qxf3 c6 7. d3 d6 8. h3 Be7 9. 0-0 Be6 10. Be3 0-0 11. Ne2 d5 12. Ng3 d4 13. Bd2 Qd7 14. Qe2 Rac8 15. f4 exf4 16. Bxf4 b5 17. Bb3 c5 18. Bxe6 fxe6 19. Be5 g6 20. Rf3 Rf7 21. Raf1 Rcf8 22. c3 dxc3 23. bxc3 Qe8 24. d4 cxd4 25. cxd4 a6 26. Qf2 Nd7 27. Rxf7 Qxf7 28. Qxf7+ Rxf7 29. Rxf7 Kxf7 30. Bc7 Bh4 31. Kf2 Nf6 32. Ke3 Ne8 33. Bf4 Ke7 34. Ne2 Be1 35. Nc1 Ba5 36. Nd3 Bc7 37. Bg5+ Kd6 38. e5+ Kc6 39. Ke4 Bb6 40. Nb4+ Kb7 41. d5 a5 42. Nd3 b4 43. d6 Kc6 44. Be3 Bd8 45. g4 h5 46. Nf4 hxg4 47. hxg4 Ng7 48. Nxg6 a4 49. Bd4 b3 50. axb3 axb3 51. Kd3 Ne8 52. Kc4 Nxd6+ 53. exd6 Kxd6 54. Be5+ Kc6 55. Nf4 Bc7 56. Nd3 Bxe5 57. Nxe5+ Kd6 58. Nd3 e5 59. Kxb3 e4 60. Ne1 Ke5 61. Ng2 Kd4 62. g5 Ke5 63. g6 Kf6 64. Nf4 1-0

[Event "SVK-chT2W 9900"]
[Site "Slovakia"]
[Date "1999.??.??"]
[Round "2.2"]
[White "Flasik, Radoslav"]
[Black "Felcir, Jaroslav"]
[Result "1-0"]
[WhiteElo "2144"]
[BlackElo "2176"]
[PlyCount "103"]
[EventDate "1999.11.06"]
[EventType "team"]
[EventRounds "9"]
[EventCountry "SVK"]
[SourceTitle "EXT 2005"]
[Source "ChessBase"]
[SourceDate "2004.11.15"]
[SourceVersion "1"]
[SourceVersionDate "2004.11.15"]
[SourceQuality "1"]

1. e4 e5 2. Nf3 Nc6 3. Bb5 Bc5 4. 0-0 Nge7 5. c3 Bb6 6. d4 exd4 7. cxd4 d5 8. exd5 Nxd5 9. Re1+ Be6 10. Nc3 Nxc3 11. bxc3 0-0 12. Qd3 Ne7 13. Ng5 Ng6 14. h4 c6 15. Ba4 Re8 16. Nxe6 Rxe6 17. Rxe6 fxe6 18. Bg5 Qd6 19. Re1 Re8 20. h5 Nf4 21. Qf3 Bc7 22. Bc2 Rf8 23. Re5 Nd5 24. Qe4 Rf5 25. g3 Nxc3 26. Qd3 Nd5 27. Rxf5 exf5 28. Qxf5 Nf6 29. Qc8+ Bd8 30. Qxb7 Qc7 31. Qb3+ Nd5 32. Bf4 Qf7 33. Qb8 Qe7 34. Be5 Qd7 35. Be4 Nf6 36. Bxc6 Qxc6 37. Qxd8+ Kf7 38. Bxf6 gxf6 39. d5 Qb7 40. Qd6 Qb1+ 41. Kh2 Qxa2 42. Qe6+ Kg7 43. Qe7+ Kg8 44. Qc5 Kf7 45. h6 f5 46. Qc7+ Kg6 47. Qg7+ Kh5 48. Qd4 f4 49. gxf4 Kg4 50. d6 Qa5 51. Qe5 Qa2 52. Kg2 1-0

[Event "SVK-chT 9798"]
[Site "Slovakia"]
[Date "1998.??.??"]
[Round "10"]
[White "Fabian, Jaroslav"]
[Black "Felcir, Jaroslav"]
[Result "1/2-1/2"]
[WhiteElo "2250"]
[BlackElo "2175"]
[PlyCount "114"]
[EventDate "1997.??.??"]
[EventType "team"]
[EventRounds "11"]
[EventCountry "SVK"]
[SourceTitle "EXT 1999"]
[Source "ChessBase"]
[SourceDate "1998.11.16"]
[SourceVersion "1"]
[SourceVersionDate "1998.11.16"]
[SourceQuality "1"]

1. e4 e5 2. Nf3 Nc6 3. d4 d6 4. dxe5 Nxe5 5. Nxe5 dxe5 6. Qxd8+ Kxd8 7. Bc4 f6 8. Be3 Bb4+ 9. Nd2 Ke7 10. c3 Bd6 11. Bb3 Be6 12. Nc4 Bxc4 13. Bxc4 h5 14. f3 Nh6 15. Ke2 Nf7 16. Rhd1 Nd8 17. Rd3 Ne6 18. Bxe6 Kxe6 19. Rad1 Rhd8 20. a4 a6 21. Bc5 Be7 22. Rxd8 Bxd8 23. Kd3 g6 24. Kc4 f5 25. exf5+ gxf5 26. Re1 Bf6 27. Re2 Rg8 28. b4 Rd8 29. Bd4 Kd6 30. Bf2 Re8 31. Bc5+ Ke6 32. Bd4 Rd8 33. h3 Rd5 34. b5 axb5+ 35. axb5 Kd6 36. Bf2 Rd1 37. Bc5+ Ke6 38. Bd4 Rf1 39. Bc5 Rb1 40. Bd4 Rf1 41. Bc5 Bg5 42. Bd4 Bf4 43. Bc5 Kf6 44. Bf2 Bg5 45. Bg3 f4 46. Be1 Ke6 47. Bf2 Rd1 48. Bd4 Bf6 49. Bf2 Kf5 50. Be1 Be7 51. Bf2 Rc1 52. Kd3 Rd1+ 53. Kc4 Bd6 54. Bh4 Ra1 55. Bf2 Ra4+ 56. Kb3 Ra5 57. Kc4 Ra4+ 1/2-1/2

[Event "Tatry op"]
[Site "Tatranska Lomnica"]
[Date "1998.??.??"]
[Round "6"]
[White "Felcir, Jaroslav"]
[Black "Abel, Peter"]
[Result "1/2-1/2"]
[WhiteElo "2195"]
[BlackElo "2295"]
[PlyCount "59"]
[EventDate "1998.??.??"]
[EventType "swiss"]
[EventRounds "9"]
[EventCountry "SVK"]
[SourceTitle "EXT 2000"]
[Source "ChessBase"]
[SourceDate "1999.11.16"]
[SourceVersion "1"]
[SourceVersionDate "1999.11.16"]
[SourceQuality "1"]

1. e4 Nf6 2. e5 Nd5 3. d4 d6 4. c4 Nb6 5. f4 dxe5 6. fxe5 Nc6 7. Be3 Bf5 8. Nc3 e6 9. Nf3 Nb4 10. Rc1 c5 11. a3 cxd4 12. Nxd4 Nc6 13. Nxc6 Qxd1+ 14. Rxd1 bxc6 15. b4 Nd7 16. Bf4 g5 17. Bxg5 Bg7 18. Bd3 Bxd3 19. Rxd3 Nxe5 20. Rg3 h6 21. Bf4 Ng6 22. Bd6 Be5 23. Bxe5 Nxe5 24. c5 Ke7 25. 0-0 a5 26. b5 cxb5 27. Nxb5 Rac8 28. Rc3 Rhd8 29. Rfc1 Rc6 30. Na7 1/2-1/2